Logo BPK

Biblioteka

Politechniki Koszalińskiej

Laminarnyj plazmatron / (Rekord nr 16987)

Szczegóły MARC
000 -ETYKIETA REKORDU
podpole kontrolne o stałej długości 00367nam a2200157 i 4500
001 - NUMER KONTROLNY REKORDU
pole kontrolne bg
040 ## - ŹRÓDŁO KATALOGOWANIA
Instytucja, która utworzyła rekord BPK
041 ## - KOD JĘZYKA
Kod języka tekstu pol
080 ## - UNIWERSALNA KLASYFIKACJA DZIESIĘTNA - UKD
UKD 533.9
008 - POLE O STAŁEJ DŁUGOŚCI - DANE KONTROLNE
podpole kontrolne o stałej długości s pl f |000 0 pol
100 1# - NAZWA OSOBOWA
Nazwa osobowa ŻEENBAER, Ż.
245 #0 - TYTUŁ/ODPOWIEDZIALNOŚĆ
Tytuł Laminarnyj plazmatron /
Pozostałe elementy strefy tytułu i oznaczenia odpowiedzialności Ż. Żeenbaer, N.S. Engelst.
260 ## - STREFA ADRESU WYDAWNICZEGO
Miejsce wydania Frunze,
Data publikacji, dystrybucji/powstania dokumentu 1975.
700 1# - HASŁO DODATKOWE - NAZWA OSOBOWA
Nazwa osobowa ENGELST, N. S.
856 ## - LOKALIZACJA I DOSTĘP DO ELEKTRONICZNYCH DOKUMENTÓW ZDALNYCH
Link (URL) http://koha.tu.koszalin.pl/cgi-bin/koha/opac-detail.pl?biblionumber=16987
Tekst linku Katalog online BPK
942 ## - DODATKOWE ELEMENTY (KOHA)
Typ dokumentu Książka
Egzemplarze
Wycofany Status egzemplarza Uszkodzony Dostępność Lokalizacja stała Lokalizacja bieżąca Miejsce przechowywania Sygnatura Kod kreskowy Typ dokumentu Numer ubytku
      Dostępny Biblioteka Politechniki Koszalińskiej Biblioteka Politechniki Koszalińskiej Wypożyczalnia BG 21511 01697100 Książka  
  Egz. niedostępny   Niedostępny Biblioteka Politechniki Koszalińskiej Biblioteka Politechniki Koszalińskiej   21512 01697117 Książka 12031
© 2023 Biblioteka Politechniki Koszalińskiej :: KOHA